Umiestnenie skladu pomocou metód viackriteriálneho vyhodnocovania variantov

Rozhodovanie o umiestnení skladu. Viackriteriálne vyhodnocovanie variantov. Rozhodovacie kritériá. Riešenie problému umiestnenia objektu na báze viackriteriálneho vyhodnocovania variantov.

Guardado en:
Detalles Bibliográficos
Autor principal: Pekár, Juraj, 1972-
Otros Autores: Brezina, Ivan, 1963-, Čičková, Zuzana, 1978-
Formato: Capítulo de libro
Lenguaje:eslovaco
Materias:
Etiquetas: Agregar Etiqueta
Sin Etiquetas, Sea el primero en etiquetar este registro!

MARC

LEADER 00000nla$a2200000$$$4500
001 0088366
005 20240502072005.7
041 0 |a slo 
044 |a SK 
245 1 0 |a Umiestnenie skladu pomocou metód viackriteriálneho vyhodnocovania variantov  |c Juraj Pekár, Ivan Brezina, Zuzana Čičková 
520 |a Rozhodovanie o umiestnení skladu. Viackriteriálne vyhodnocovanie variantov. Rozhodovacie kritériá. Riešenie problému umiestnenia objektu na báze viackriteriálneho vyhodnocovania variantov. 
610 2 0 |a sklady 
610 2 0 |a lokalizácia 
610 2 0 |a rozhodovanie viackriteriálne 
100 1 |a Pekár, Juraj, 1972- 
700 1 |a Brezina, Ivan, 1963- 
700 1 |a Čičková, Zuzana, 1978-